书目信息 |
| 题名: |
供电工程
|
|
| 作者: | 翁双安 主编 | |
| 分册: | ||
| 出版信息: | 北京 机械工业出版社 2004.06 |
|
| 页数: | 15, 248页 | |
| 开本: | 26cm | |
| 丛书名: | ||
| 单 册: | ||
| 中图分类: | TM72 | |
| 科图分类: | ||
| 主题词: | 供电--gong dian--高等教育--教材 | |
| 电子资源: | ||
| ISBN: | 7-111-14386-8 | |
| 000 | 00779nam0 2200229 450 | |
| 001 | 010273471887 | |
| 005 | 20051130163920.56 | |
| 010 | @a7-111-14386-8@dCNY24.00 | |
| 100 | @a20050617d2004 km y0chiy0120 ea | |
| 101 | 0 | @achi |
| 102 | @aCN@b110000 | |
| 105 | @aa a 000yy | |
| 200 | 1 | @a供电工程@Agong dian gong cheng@f翁双安主编@Fweng shuang an zhu bian |
| 210 | @a北京@c机械工业出版社@d2004.06 | |
| 215 | @a15, 248页@c图@d26cm | |
| 320 | @a有书目。 | |
| 330 | @a该教材共十章,分别阐述了负荷计算与无功功率补偿,短路电流计算,电器、电线、电缆及其选择,供电系统的一次接线,供电系统的二次接线等内容。 | |
| 606 | 0 | @a供电@Agong dian@x高等教育@x教材 |
| 690 | @aTM72@v4 | |
| 701 | 0 | @a翁双安@Aweng shuang an@4主编 |
| 801 | 0 | @aCN@bQSSK@c20051130 |
| 905 | @a10447@dTM72@eW693 | |
| 供电工程/翁双安主编.-北京:机械工业出版社,2004.06 |
| 15, 248页:图;26cm |
| ISBN 7-111-14386-8:CNY24.00 |
| 该教材共十章,分别阐述了负荷计算与无功功率补偿,短路电流计算,电器、电线、电缆及其选择,供电系统的一次接线,供电系统的二次接线等内容。 |
| ● |
| 相关链接 |
|
|
|
正题名:供电工程
索取号:TM72/W693
 
预约/预借
| 序号 | 登录号 | 条形码 | 馆藏地/架位号 | 状态 | 备注 |
| 1 | 576621 | 205766214 | 自科库301/301自科库 12排2列2层/ [索取号:TM72/W693] | 在馆 | |
| 2 | 576622 | 205766223 | 自科库301/301自科库 17排3列3层/ [索取号:TM72/W693] | 在馆 | |
| 3 | 576623 | 205766232 | 自科库301/301自科库 17排3列3层/ [索取号:TM72/W693] | 在馆 |